Previous NFL Franchise Names/Locations - Statistics

General Stats
  • This quiz has been taken 62 times
    19 since last reset
  • The average score is 7 of 13
Answer Stats
Team Years Answer % Correct
Washington Football Team 1937-2019 Washington Redskins
94%
Las Vegas Raiders 1995-2019 Oakland Raiders
88%
Los Angeles Chargers 1961-2016 San Diego Chargers
82%
Los Angeles Rams 1995-2015 St. Louis Rams
82%
Indianapolis Colts 1953-1983 Baltimore Colts
65%
New England Patriots 1960-1970 Boston Patriots
65%
Tennessee Titans 1997-1998 Tennessee Oilers
59%
Kansas City Chiefs 1960-1962 Dallas Texans
41%
Arizona Cardinals 1988-1993 Phoenix Cardinals
41%
New York Jets 1960-1962 Titans of New York
41%
Chicago Bears 1921 Chicago Staleys
24%
Pittsburgh Steelers 1933-1939 Pittsburgh Pirates
18%
Detroit Lions 1930-1933 Portsmouth Spartans
12%
No matching quizzes found
Score Distribution
Percent of People with Each Score
Percentile by Number Answered
Your Score History
You have not taken this quiz since the last reset